Responses for Show #3816 - Monday, March 19, 2001

Contestants

[<< previous game]

Dennis Scott, an actor from Baltimore, Maryland

Michelle St. James, an attorney from Baldwin, Massachusetts

Raj Choudhary, a customer care manager from Houston, Texas (whose 4-day cash winnings total $29,400)

[next game >>]

Jeopardy! Round responses

HISTORIC OCCASIONS
TV SPIN-OFFS
(Alex: You have to name the show each was spun off from)
OUT FOR BLOOD
LET'S ALL HEAD TO KANSAS
THE ART OF WAR
5-LETTER WORDS
    $100 21
Gold

Raj
    $100 11
Cheers

Michelle
    $100 16
Bloodhound

Dennis
    $100 26
Louisiana Purchase

Raj
    $100 1
Monitor & Merrimac

Raj
    $100 4
The chase

Dennis
    $200 22
Cuba

Raj
    $200 12
Happy Days

Michelle
    $200 17
Bloody Mary

Dennis
    $200 27
Dodge City

Triple Stumper
    $200 2
The Alamo

Raj
    $200 5
(D: What is a splint?)

Sling

RajDennis
    $300 23
Egypt

Dennis
    $300 13
Beverly Hills, 90210

Dennis
    $300 18
Captain Blood

Dennis
    $300 28
Dwight D. Eisenhower

Triple Stumper
    $300 3
Vietnam War

Dennis
    $300 8
Check

Michelle
    $500 24
The Great Train Robbery

Dennis
    $400 14
Dallas

Michelle
    $400 19
Jack Youngblood

Dennis
    $400 29
Home on the Range

Raj
    $400 6
Guernica

Raj
    $400 9
Gorge

Dennis
    $500 25
Chiang Kai-shek

Raj
    $500 15
Touched By An Angel

Michelle
    $500 20
"In Cold Blood"

Dennis
    $500 30
(R: What is Fort Leavenworth?)

Leavenworth

RajDennis
    $500 7
Robert the Bruce/1st

Raj
    $500 10
Niche

Dennis

Scores at the first commercial break (after clue 15):

Raj Michelle Dennis
$1,400 $1,500 $1,400

Scores at the end of the Jeopardy! Round:

Raj Michelle Dennis
$2,200 $1,500 $4,200

Double Jeopardy! Round responses

ASTRONOMY
CELEBRITY ODD JOBS
AUTHORS
MOVIE SPORTSMEN
(Alex: You have to name the person portrayed)
"U" HAVE THE RIGHT
TO REMAIN SILENT
    $200 20
Halley's Comet

Raj
    $200 15
Brad Pitt

Dennis
    $200 26
Cervantes

Raj
    $200 10
Babe Ruth

Raj
    $200 1
Unicorn

Dennis
    $200 6
Auction

Dennis
    $400 21
North Star/Polaris

Raj
    $400 16
Steve Martin

Dennis
    $400 27
Ernest Hemingway

Dennis
    $400 13
Minnesota Fats

Triple Stumper
    $400 2
Upsy-daisy

Dennis
    $400 7
"Silent Night"

Dennis
    $600 22
Asteroids

Dennis
    $600 17
Willie Nelson

Raj
    $600 28
George Eliot

Raj
    $600 12
Ty Cobb

Raj
    $600 3
Utah

Dennis
    $600 8
Partner

Dennis
    $800 23
Neptune

Raj
    $800 18
Lucy Lawless

Raj
    $500 29
(R: Who is Robert Louis Stevenson?)

Herman Melville

Raj
    $800 11
Brian Piccolo (from "Brian's Song")

Triple Stumper
    $800 4
United Arab Republic

Michelle
    $800 9
Richard Nixon

Raj
    $1000 24
Quasars

Triple Stumper
    $4,000 19
Jack Kemp

Raj
    $1000 30
Aldous Huxley

Triple Stumper
    $1000 14
Ron LeFlore

Triple Stumper
    $1000 5
Underwriters Laboratories

Dennis
    $1000 25
Kevin Smith

Raj

Scores at the end of the Double Jeopardy! Round:

Raj Michelle Dennis
$11,900 $2,300 $9,200

[wagering suggestions for these scores]

Final Jeopardy! Round responses

AFRICAN HISTORY
MichelleWhat is South Africa?
$2,300
DennisWhat is South Africa
$1,700
RajWhat is South Africa
$6,500
Liberia

Final scores:

Raj Michelle Dennis
$5,400 $0 $7,500
2nd place: Trip to Stockholm, Sweden courtesy of Priceline.com 3rd place: Panasonic Digital Camera New champion: $7,500

Game dynamics:

Coryat scores:

Raj Michelle Dennis
$9,400 $2,300 $9,100
22 R
(including 1 DD),
2 W
(including 1 DD)
6 R,
0 W
24 R
(including 1 DD),
1 W

Combined Coryat: $20,800

[game clues] [game scores] [suggest correction]

Game tape date: 2000-12-06
The J! Archive is created by fans, for fans. Scraping, republication, monetization, and malicious use prohibited; this site may use cookies and collect identifying information. See terms. The Jeopardy! game show and all elements thereof, including but not limited to copyright and trademark thereto, are the property of Jeopardy Productions, Inc. and are protected under law. This website is not affiliated with, sponsored by, or operated by Jeopardy Productions, Inc. Join the discussion at JBoard.tv.